000 00585nam a2200181 i 4500
001 80638
003 ES-MaACL
005 20230906174248.0
007 t|
008 041029s1970 sp ||||1| spa d
100 1 _aHogben, Lancelot.
_963977
245 1 3 _aEl maravilloso mundo de la energía /
_cLancelot Hogben ; traducción de María Luisa Bravo García.
260 _a[Madrid] :
_bAguilar,
_c1970.
300 _a96 p., 3 lám. :
_bil. ;
_c27 cm.
700 1 _aBravo García, María Luisa.
_931486
852 _aES-MaACL
_jC-42674
_bR.79998
852 _aES-MaACL
_jC-42670
_bR.79994
999 _c80638
_d80638